000
00264nam a22001217a 4500
008
180223b xxu||||| |||| 00| 0 eng d
041
_a
eng
080
_a
37
100
_a
48
101
_a
edu
245
_a
answers to distraction
_c
edward.m.h
942
_2
udc
_c
BK
999
_c
43269
_d
43269